000 00328 a2200157 4500
001 48344
020 _a9788562549496
040 _cAnchieta - Bela Vista
100 _aRANDO, Silvana
240 1 0 _aAmigos
_lpor
245 1 0 _aAmigos
300 _a28 p.
362 0 _a2013
650 4 _aLiteratura infanto-juvenil
942 _cBK
999 _c48344
_d48344